Pachmaninov i ego vremja

Bibliographic Details
Main Author: Keľdyš, Ju (Author)
Format: Book
Language:Undetermined
Published: Moskva "Muzyka" 1973

MARC

LEADER 00000nam a2200000 a 4500
001 vtls001318887
003 SK-MaSNL
005 20260301155941.0
008 240316s1973 xx 0 und
035 |a SNK000271458 
040 |a SNK  |b slo  |c SNK  |e AACR2 
100 1 |a Keľdyš, Ju.  |4 aut  |9 520829 
245 1 |a Pachmaninov i ego vremja 
260 |a Moskva  |b "Muzyka"  |c 1973 
300 |a 469 s. 
958 |a OND 
999 |c 803413  |d 805343 
952 |t P60, <04>, [BOOK], {604}  |a SNK  |b SNK  |y VYP  |7 0  |p 17A0121585  |o snkIC 60939  |0 0  |1 0  |4 0  |d 1998-02-02  |l 0  |r 2005-01-02 00:00:00  |w 2026-02-24